000 00493nam a2200181Ia 4500
003 IN-BaIIA
008 211028s9999 xx 000 0 eng d
040 _cIIA Library
080 _a081:53
_bLOR-1
100 _aLorentz, H. A.
_9717
245 0 _aCollected papers
_bvol. I
_cH. A. Lorentz
260 _aHague
_bMartinus Nijhoff
_c1935
300 _a381p.
650 _aCollected works-H. A Lorentz
_9718
650 _aH. A Lorentz collected works
_9719
650 _aNASA thesaurus
942 _cBK
999 _c340
_d340